Państwa, które nigdy nie były koloniami - Statystyki

Ogólne statystyki
  • Ten quiz został rozwiązany 29 razy
  • Średni wynik to 11 z 14
Statystyki odpowiedzi
Kraj % Poprawnych
Japonia
96%
Chiny
93%
Afganistan
86%
Arabia Saudyjska
86%
Mongolia
86%
Bhutan
79%
Nepal
79%
Iran
75%
Korea Południowa
75%
Tajlandia
75%
Korea Północna
71%
Liberia
68%
Turcja
68%
Jemen
57%
Nie znaleziono quizów pasujących do podanych kryteriów
Rozkład punktacji
Procent ludzi z każdym wynikiem
Percentyl według liczby udzielonych odpowiedzi
Twoja historia wyników
Nie rozwiązałeś tego quizu